000 01526nam a2200397 i 4500
001 193681
003 ES-MaACL
005 20240207140747.0
007 ta
008 240205s1912||||fr a freb 000 0 fre d
035 _a(OCoLC)23411844
035 _a021968411
035 _aocm23411844
035 _aSU011512320001P
040 _aABES
_bfre
_eAFNOR
_cES-MaACL
041 0 _2639-2
100 1 _aBarbillion, Louis,
_d1873-1945
_9235043
_eaut
245 1 0 _aMachines dynamo-électriques à courant continu :
_bthéorie, enroulement et construction /
_cpar L. Barbillion,... et P. Bergeon,....
264 1 _aParis :
_bLibrairie des Sciences et de l'Indistrie :
_bL. Geisler, imprimeur-éditeur,
_c1912.
300 _a145 páginas :
_bilustraciones (blanco y negro) ;
_c27 cm.
336 _btxt
_2rdacontent
_aTexto
337 _bn
_2rdamedia
_asin mediación
337 _bn
_2isbdmedia
_asin mediación
338 _bnga
_2RDAfrCarrier
_avolumen
490 1 _aEncyclopédie électrotechnique ;
_v13e Fascicule
504 _aBibliografía
650 7 _aGeneradores eléctricos
_9136169
650 4 _aDinamos
_911896
700 1 _aBergeon, Paul
_9235048
_eaut
830 _aEncyclopédie électrotechnique ;
_v13
_9235039
852 _aEs-MaACL
_bR.M:8235
_cSVI
_jD-8689
_fSello en tinta en portada: "Ateneo de Madrid. Biblioteca"
_9201206
886 2 _2unimarc
_a181
_ai#
_bxxxe##
942 _n0
_cMONOGRAFIA
999 _c193681
_d193681